|
|
|
|
| LEADER |
00733cam a2200193 7i4500 |
| 001 |
0000013122 |
| 005 |
20120314090000.0 |
| 020 |
|
|
|a 9789830996967
|
| 020 |
|
|
|a 9830996964 (hbk.)
|
| 090 |
0 |
0 |
|a BP134
|b .Q23 2006
|
| 100 |
1 |
|
|a Al-Qarni, 'Aidh bin Abdullah,
|c Dr.
|
| 245 |
1 |
0 |
|a Sakratul maut :
|b bersediakah anda menghadapinya?
|c Dr. 'Aidh bin Abdullah Al-Qarni; penterjemah Nor Hasanuddin; penyunting/editor Noraine Abu.
|
| 260 |
|
|
|a Kuala Lumpur:
|b Al-Hidayah,
|c 2006.
|
| 300 |
|
|
|a vi, 372 p.;
|c 26 cm.
|
| 650 |
0 |
0 |
|a Death --
|x Religious aspects --
|x Islam
|
| 700 |
1 |
|
|a Noraine Abu
|
| 700 |
1 |
|
|a Nor Hasanudin
|
| 999 |
|
|
|a 0000017308
|b BOK
|c OPEN SHELF
|e 1st Floor, Bestari Jaya
|
| 999 |
|
|
|a 0000017309
|b BOK
|c OPEN SHELF
|e 1st Floor, Shah Alam
|